00771nam a22001937a 4500003000800000008004100008037000800049040003500057041000800092080001200100100002300112245010900135260005700244300002200301502014400323650005800467655002300525700002900548BI-BuBU260325b2025 bd fr|||| 000 0 fre d bdon aBI-BuBUbfrecBI-BuBUdBI-BuBU0 afre a519.2481 4aut.aNimbona, Roy10aMéthodes bayésiennes pour le contôle de la qualité c Roy Nimbona ; Amin Shaka Aunali, directeur aBujumburabInstitut de statistique Appliquéec2025 aXII-74 p.c30 cm. aMémoire présenté et soutenu publiquement en vue de l'obtention du diplôme de master en probabilité, statistique et modélisation 72BI-BuBUaQualitéxcontrôlexMéhode bayésienne 72BI-BuBUamémoire 4dir.a Aunali,Amin Shaka